000 00430 a2200157 4500
005 20250315092728.0
020 _a0-07-551435-4
082 _a339 WAL
100 _aWALSTAD, W.B.
245 _aStudy Guide to Company Macroeconomics.
250 _a6th Ed.
260 _aNew York,
_bMcgraw- Hill Ryerson Limited,
_c1993.
300 _a297p.:
_bGlossary.
_c25cm.
700 _aROBERT, C. BINGHAM. & CYRIL, J.GRANT.
942 _2ddc
_cBKS
999 _c700
_d700